000
00323nam a2200133Ia 4500
008
191201s2012 xx 000 0 und d
082
_a
658.51
_b
ARI
100
_a
TONYARNOLD, J R
245
0
_a
Introduction to Materials Management
260
_a
N. Delhi
_b
Pearson
_c
2012
300
_a
515
650
_a
BBA
942
_2
ddc
_c
BK
999
_c
5950
_d
5950